LEADER 01511nam a2200313 i 4500 001 000000010038 003 CaOOAMICUS 005 20240410124545.0 008 180830s1991 fr u000 u fre u 040 $aSeMil$bita 100 0 $aGregorius I,$c.$0(OLS)http://semarc/name/465 245 10$aRegistre des lettres /$cGrégoire le Grand. 264 1$aParis :$bLes Éditions du Cerf,$c1991- 300 $av. ;$c20 cm. 490 1 $aSources chrétiennes 500 $aTesto latino a fronte. 774 0 $t1.1: Livres 1. et 2..$dParis : Les Éditions du Cerf, 1991.$kSources chrétiennes$w()112736 774 0 $t1.2: Livres 1. et 2..$dParis : Les Éditions du Cerf, 1991.$kSources chrétiennes$w()105400 774 0 $t2: Livres 3.-4..$dParis : Les Éditions du Cerf, 2008.$kSources chrétiennes$z978-2-204-08735-3$w()178635 774 0 $t6: Livres 10.-11..$dParis : Les Éditions du Cerf, 2024.$kSources chrétiennes$z978-2-204-14033-1$w()357958 774 0 $t7: Livres 12.-14..$dParis : Les Éditions du Cerf, 2021.$kSources chrétiennes$z978-2-204-14033-1$w()346256 830 0$aSources chrétiennes.$0(OLS)http://semarc/title/72 900 0 $aGregorio : Magno$c. 900 0 $aGregorio I$c. 996 $6245$aRegistre des lettres$9(OLS)http://semarc/title/13269 996 $6264$aParis :$bLes Éditions du Cerf$9(OLS)http://semarc/publisher/29611 LEADER 00999nam a2200253 i 4500 001 000000043673 003 CaOOAMICUS 005 20040804000000.0 008 040804s1970 it u000 u ita u 013 $a14843 040 $aSeMil$bita 100 1 $aDevoto, Giacomo,$d<1897-1974>.$0(OLS)http://semarc/name/2544 245 10$aAvviamento alla etimologia italiana :$bdizionario etimologico /$cGiacomo Devoto. 250 $an° 3085. 260 $aFirenze :$bLe Monnier,$cstampa 1970. 300 $aXII, 501 p. :$bill. ;$c25 cm. 500 $aFondo Ciprandi. 650 4$aLingua italiana - Dizionari etimologici.$0(OLS)http://semarc/subject/170 850 $aSeMil 852 $aSeMil$W1$xVenegono$y1$m1P IV 6$j245688$B9828$CSeMilBibl$Z2$F9828 $8I 941 1 $a1 961 $aOmaggio: Ciprandi dott. Paolo 996 $6245$aAvviamento alla etimologia italiana :$bdizionario etimologico$9(OLS)http://semarc/title/64287 996 $6260$aFirenze :$bLe Monnier$9(OLS)http://semarc/publisher/30060